00731nam a2200181 i 4500001000700000003000900007005001700016007000300033008004100036245010600077260004900183300003500232650004700267710006200314852003200376999001900408952012200427110231ES-MaACL20230906185015.0t|061121s1970 sp r ||||1| spa d00aOrdenación rural de los montes orientales (Iznalloz) b: esquema técnico y ciclo de conferencias. aGranada : bOrganización Sindical, c1970. a179 p. 1 map. pleg. ; c24 cm. 4aOrdenación de montes-zIznalloz.91645412 aConsejo Económico Sindical Provincial (Granada)9164557 aES-MaACLjC-41327 bR.76140 c110231d110231 00104070aATENEOMbATENEOMcDEPO2d2008-01-17eSCl0oC-41327p1115003r2023-02-23 00:00:00w2023-02-23yMONOGRAFIA